| 000 | 01360nam0a22002771 4500 | ||
|---|---|---|---|
| 001 | rc\2334815 | ||
| 005 | 20260406200941.0 | ||
| 035 | _a(NLR Aleph) 006473741 | ||
| 090 |
_a5961957 _c5961957 |
||
| 100 | _a20110829d1977 |||y0rusy50 ca | ||
| 101 | 0 | _arus | |
| 102 | _aRU | ||
| 105 | _ay z ||||| | ||
| 200 | 1 |
_aРоль материального стимулирования в повышении качества продукции _e(Метод. рекомендации в помощь лектору и пропагандисту) _fДонец. обл. орг. о-ва "Знание" УССР, Ин-т экономики пром-сти АН УССР _g[Написали кандидаты экон. наук Г.А. Ильина, Г.Н. Маслова, экономист В.И. Моисеева] |
|
| 210 |
_aДонецк _cДонец. обл. орг. о-ва "Знание" _d1977 |
||
| 215 |
_a19 с. _d20 |
||
| 320 | _aБиблиогр.: с. 18-19 | ||
| 702 | 1 |
_aМоисеева _bВ.И. _4570 |
|
| 702 | 1 |
_aМаслова _bГ.Н. _4570 |
|
| 702 | 1 |
_aИльина _bГ.И. _4570 |
|
| 712 | 0 | 2 |
_a"Знание", общество УССР _bДонецкое областное отделение _cКиев _9417354 _3RU\NLR\AUTH\889960537 |
| 801 | 0 |
_aRU _bNLR _gpsbo |
|
| 801 | 1 |
_aRU _bELAR _2rusmarc |
|
| 852 |
_aNLR _j79-4/24883 |
||
| 942 | _cBOOK | ||
| 980 | _aNB | ||